The transformation of EU treaty making : the rise of parliaments, referendums and courts since 1950

Guardado en:
Detalles Bibliográficos
Autor principal: HODSON, Dermot Maher, Imelda
Formato: Libro
Lenguaje:inglés
Publicado: Cambridge University Press 2018
Etiquetas: Agregar Etiqueta
Sin Etiquetas, Sea el primero en etiquetar este registro!

MARC

LEADER 00000nam a22000007a 4500
008 240610b |||||||| |||| 00| 0 eng d
020 |a 9781107531062 
100 |a HODSON, Dermot  |a Maher, Imelda 
245 |a The transformation of EU treaty making  |b  : the rise of parliaments, referendums and courts since 1950  |c  / Dermot Hodson and Imelda Maher  |e (Cambridge studies in European law and policy)  |g xx, 334 p : ill  
260 |b Cambridge University Press  |c 2018  |h Cambridge, United Kingdom   |i 700752  |i 700753  |l KJE4445.H66  |m European Union--Constitution  |m Constitutional law--European Union countries.   |m European Union countries--Foreign relations--Treaties.  |m  European Union countries--Politics and government. 
500 |a Includes bibliographical references and index. 
942 |a lcc  |c BK  |e Johnson  |f 10/06/24 
952 |0 0  |1 0  |2 lcc  |4 0  |6 KJE4445 H66  |7 0  |9 5270  |a LL  |b HOL  |d 2024-06-10  |l 0  |o KJE4445.H66  |p 2024-0514  |r 2024-06-10 00:00:00  |t 700752  |w 2024-06-10  |y BK 
952 |0 0  |1 0  |2 lcc  |4 0  |6 KJE4445 H66  |7 0  |9 5271  |a LL  |b HOL  |d 2024-06-10  |l 0  |o KJE4445.H66  |p 2024-0515  |r 2024-06-10 00:00:00  |t 700753  |w 2024-06-10  |y BK 
999 |c 2612  |d 2612